000
00324nam a2200121Ia 4500
008
240624s9999 xx 000 0 und d
041
_a
eng
082
_a
658.8 BUS
100
_a
BUSINESSWORLD
245
_a
MARKETING WHITEBOOK 2009 2010 THE MARKET
260
_c
2009
_a
New Delhi
_b
Businessworld
300
_a
429 : p. : cm. ; 21
999
_c
14047
_d
14047